000 00674nam a2200181Ia 4500
008 090123s9999 xx 000 0 und d
082 _b4802
100 _aजामखेडकर प्रभाकर
245 _aअधिक दूध देणारी नवी गाय
250 _a1
260 _bप्रिया प्रकाशन
_c1977
300 _a259
600 _aजामखेडकर प्रभाकर
630 _aअधिक दूध देणारी नवी गाय
700 _aजामखेडकर प्रभाकर
730 _aअधिक दूध देणारी नवी गाय
942 _cBOOK
999 _c42877
_d42877